[Event "18th American Continental"]
[Site "Foz do Iguacu BRA"]
[Date "2025.05.30"]
[Round "10.101"]
[White "Janke, Ligia"]
[Black "Ramirez Bentos, Ana Paula"]
[Result "1-0"]
[WhiteElo "1649"]
[BlackElo "1500"]
[WhiteFideId "538021609"]
[BlackFideId "3720152"]
[EventDate "2025.05.23"]

1. e4 g6 2. d4 Bg7 3. Nf3 Nf6 4. e5 Ng8 5. c4 d6 6. Bf4 dxe5 7. Bxe5 Nf6 8. Nc3
Nc6 9. Bf4 a6 10. d5 Na7 11. Bd3 Bd7 12. Qd2 Nh5 13. Be3 c6 14. h3 cxd5 15. cxd5
Nb5 16. Ne2 Bc8 17. Bc4 Nd6 18. Bb3 Nf6 19. O-O h6 20. Nc3 Nfe4 21. Nxe4 Nxe4
22. Qb4 Nf6 23. Rad1 a5 24. Qc4 Bd7 25. d6 e6 26. Ba4 O-O 27. Bxd7 Nxd7 28. Bd4
Rc8 29. Qe2 Nf6 30. Bc3 Qd7 31. Ne5 Qd8 32. d7 Ra8 33. Qb5 Nd5 34. Qxb7 Rb8 35.
Qc6 Nxc3 36. Qxc3 Bxe5 37. Qxe5 Qe7 38. Rd2 Rfd8 39. Rfd1 Rb7 40. Qxa5 Rbxd7 41.
Rxd7 Rxd7 42. Rxd7 Qxd7 43. Qc3 Qd1+ 44. Kh2 Qd6+ 45. g3 f5 46. Qf6 Qb6 47.
Qxg6+ Kf8 48. Qxh6+ Ke7 49. Qd2 e5 50. Qg5+ Ke8 51. Qg8+ Ke7 52. Qg7+ Kd8 53.
Qf8+ Kd7 54. Qxf5+ Kd8 55. Qd3+ Ke8 56. Qe2 Kd8 57. a4 Kc8 58. Qc4+ Kd8 59. Qc2
Qd4 60. a5 Kd7 61. a6 e4 62. Kg2 e3 63. Qf5+ Ke7 64. Qg5+ Kd7 65. Qxe3 Qd5+ 66.
Qf3 Qc5 67. a7 Qa5 68. a8=Q Qe1 69. Qf5+ Kc7 70. Qac8+ Kd6 71. Qa6+ Ke7 72. Qh7+
Kf8 73. Qf6+ Ke8 74. Qfh8# 1-0

[Event "18th American Continental"]
[Site "Foz do Iguacu BRA"]
[Date "2025.05.30"]
[Round "10.102"]
[White "Vaz, Vania Dora Madona"]
[Black "Solaeche G., Axel Jose"]
[Result "1/2-1/2"]
[WhiteElo "1471"]
[BlackElo "1566"]
[WhiteFideId "22793887"]
[BlackFideId "3709426"]
[EventDate "2025.05.23"]

1. e4 c5 2. c3 e6 3. d4 cxd4 4. cxd4 d5 5. e5 Nc6 6. Nf3 Nge7 7. Be2 Nf5 8. a3
Qb6 9. Qa4 Bd7 10. Bb5 a6 11. Bxc6 Bxc6 12. Qd1 Be7 13. O-O O-O 14. Nc3 Rac8 15.
Re1 Rc7 16. b4 Rfc8 17. Ne2 Bb5 18. Bf4 Bxe2 19. Rxe2 Rc4 20. Be3 R8c6 21. g4
Nh4 22. Nxh4 Bxh4 23. g5 Qd8 24. f4 f6 25. Rg2 fxg5 26. fxg5 Rc3 1/2-1/2

[Event "18th American Continental"]
[Site "Foz do Iguacu BRA"]
[Date "2025.05.31"]
[Round "11.2"]
[White "Fier, Alexandr"]
[Black "Supi, Luis Paulo"]
[Result "1/2-1/2"]
[WhiteTitle "GM"]
[BlackTitle "GM"]
[WhiteElo "2556"]
[BlackElo "2566"]
[WhiteFideId "2107139"]
[BlackFideId "2106388"]
[EventDate "2025.05.23"]

1. d4 Nf6 2. c4 e6 3. Nf3 d5 4. Nc3 Bb4 5. cxd5 exd5 6. Bg5 h6 7. Bh4 O-O 8. e3
Bf5 9. Ne5 c5 10. Bd3 cxd4 11. exd4 Bxc3+ 12. bxc3 Bxd3 13. Qxd3 Nbd7 14. Nxd7
Qxd7 15. Bxf6 Rae8+ 16. Be5 f6 1/2-1/2

[Event "18th American Continental"]
[Site "Foz do Iguacu BRA"]
[Date "2025.05.31"]
[Round "11.3"]
[White "Oparin, Grigoriy"]
[Black "Villanueva, Mario"]
[Result "1/2-1/2"]
[WhiteTitle "GM"]
[BlackTitle "IM"]
[WhiteElo "2660"]
[BlackElo "2454"]
[WhiteFideId "24125890"]
[BlackFideId "113433"]
[EventDate "2025.05.23"]

1. c4 e6 2. g3 d5 3. Bg2 Nf6 4. Nf3 d4 5. O-O Nc6 6. d3 Bc5 7. Na3 O-O 8. Nc2 a5
9. Bd2 Re8 10. a3 a4 11. Nb4 Bd7 12. e3 e5 13. Nd5 dxe3 14. fxe3 e4 15. Nh4 exd3
16. Rxf6 gxf6 17. Qh5 Ra6 18. Rf1 Ne5 19. Be4 Ng6 20. Bxg6 fxg6 21. Nxg6 Rd6 22.
Nge7+ Rxe7 23. Nxe7+ Qxe7 24. Qxc5 Bc6 25. Rf4 Qe5 26. Qxe5 fxe5 27. Rf5 Re6 28.
Kf2 Be4 29. Rg5+ Kf7 30. Bc3 Rf6+ 31. Ke1 Rf3 32. Rxe5 Rxe3+ 33. Kd2 Re2+ 34.
Kd1 c6 35. h4 Bg2 36. Rxe2 Bf3 37. Kd2 Bxe2 38. g4 Bxg4 39. Kxd3 1/2-1/2

[Event "18th American Continental"]
[Site "Foz do Iguacu BRA"]
[Date "2025.05.31"]
[Round "11.4"]
[White "Shabalov, Alexander"]
[Black "Henriquez Villagra, Cristobal"]
[Result "0-1"]
[WhiteTitle "GM"]
[BlackTitle "GM"]
[WhiteElo "2483"]
[BlackElo "2597"]
[WhiteFideId "2008572"]
[BlackFideId "3409350"]
[EventDate "2025.05.23"]

1. e4 e5 2. Nf3 Nc6 3. d4 exd4 4. Nxd4 Bc5 5. Nb3 Bb6 6. Nc3 Qf6 7. Qf3 Qxf3 8.
gxf3 Nge7 9. Be3 d6 10. Nb5 Kd8 11. Rg1 g6 12. c4 Ne5 13. Be2 Bxe3 14. fxe3 a6
15. Nc3 Be6 16. c5 Bxb3 17. axb3 dxc5 18. f4 Nd7 19. e5 f5 20. O-O-O Ke8 21. Bf3
Rb8 22. Na4 b6 23. Be2 b5 24. e6 Nf8 25. Nxc5 Rb6 26. Rd2 Nxe6 27. Rgd1 Rc6 28.
b4 Kf7 29. Rc2 Nxc5 30. bxc5 Re6 31. Rc3 Rb8 32. Rd7 Ke8 33. Rd2 b4 34. Rb3 a5
35. Bf3 Rd8 36. Rbd3 Rxd3 37. Rxd3 a4 38. Kc2 Ra6 39. Rd4 a3 40. bxa3 bxa3 41.
Kb1 a2+ 42. Ka1 Ra3 43. Bb7 Rxe3 44. c6 Ng8 45. Ba6 Nf6 46. Bd3 Ke7 47. Kxa2 Re6
48. Rc4 Kd6 49. Rc2 Re3 50. Bc4 Kxc6 0-1

[Event "18th American Continental"]
[Site "Foz do Iguacu BRA"]
[Date "2025.05.31"]
[Round "11.5"]
[White "Avila Pavas, Santiago"]
[Black "Quesada Perez, Luis Ernesto"]
[Result "1-0"]
[WhiteTitle "GM"]
[BlackTitle "GM"]
[WhiteElo "2469"]
[BlackElo "2546"]
[WhiteFideId "4437128"]
[BlackFideId "3520773"]
[EventDate "2025.05.23"]

1. e4 c5 2. Nf3 e6 3. d4 cxd4 4. Nxd4 Nc6 5. Nc3 Qc7 6. Be3 a6 7. Qf3 Nf6 8.
O-O-O Ne5 9. Qg3 b5 10. Bxb5 axb5 11. Ndxb5 Qb8 12. Bf4 d6 13. Rxd6 Nh5 14. Qg5
Bxd6 15. Nxd6+ Qxd6 16. Bxe5 Ra5 17. f4 Nxf4 18. Nd5 Rxd5 19. exd5 Ne2+ 20. Kb1
Qxd5 21. Qxg7 Rf8 22. b3 f6 23. Bxf6 Rf7 24. Qg4 Rxf6 25. Qxe2 Qc5 26. Rd1 Rf2
27. Qe4 Rf7 28. a4 Qc3 29. Qe2 Rf5 30. Qd2 Qc7 31. Qd4 e5 32. Qd5 Rf2 33. Qg8+
Rf8 34. Qg3 Bf5 35. Rd2 Kf7 36. Kb2 Qc5 37. Qf2 Qxf2 38. Rxf2 Ke7 39. c4 h5 40.
Kc3 Ke6 41. a5 e4 42. b4 Ra8 43. Ra2 Rd8 44. b5 Rd3+ 45. Kb4 e3 46. a6 Rd2 47.
Ra3 Rd3 48. Ra1 e2 49. Re1 Rd2 50. a7 Be4 51. c5 Ra2 52. c6 Bd3 53. b6 Kd5 1-0

[Event "18th American Continental"]
[Site "Foz do Iguacu BRA"]
[Date "2025.05.31"]
[Round "11.6"]
[White "Cardoso Cardoso, Jose Gabriel"]
[Black "Liascovich, Lucas"]
[Result "1-0"]
[WhiteTitle "GM"]
[BlackTitle "IM"]
[WhiteElo "2516"]
[BlackElo "2417"]
[WhiteFideId "4430492"]
[BlackFideId "108634"]
[EventDate "2025.05.23"]

1. e4 e5 2. Nf3 Nf6 3. Nxe5 d6 4. Nf3 Nxe4 5. Nc3 Nf6 6. d4 Be7 7. Bd3 O-O 8.
O-O Re8 9. Re1 Nbd7 10. Bg5 Nf8 11. h3 Ne6 12. Be3 c6 13. Ne2 Bf8 14. Ng3 g6 15.
c3 Bg7 16. Qd2 Qe7 17. Bh6 Qf8 18. Bxg7 Qxg7 19. Re2 Bd7 20. Bc2 Rad8 21. Rae1
Nc7 22. Ng5 Rxe2 23. Rxe2 Ne6 24. Bb3 d5 25. Nxe6 Bxe6 26. Re5 Nd7 27. Re1 Qf6
28. Qh6 Qg7 29. Qf4 Rc8 30. Re3 Qf6 31. Qd6 Nf8 32. Bc2 b6 33. Rf3 Qg5 34. Re3
c5 35. Ne2 Rd8 36. Qc7 Rd7 37. Qb8 Qd8 38. Qf4 Re7 39. h4 Bc8 40. Qf6 Ne6 41. h5
Re8 42. Qf3 Qg5 43. Nf4 cxd4 44. cxd4 Rd8 45. Nh3 Qxh5 46. Qf6 Rf8 47. Bb3 Qg4
48. f4 Ng7 49. Bxd5 Be6 50. Bxe6 Nxe6 51. Kh2 Qd1 52. Rxe6 fxe6 53. Qxe6+ Kg7
54. Qe5+ Kg8 55. Ng5 Qg4 56. Ne6 Qh4+ 57. Kg1 Rf6 58. d5 Kf7 59. Qc7+ 1-0

[Event "18th American Continental"]
[Site "Foz do Iguacu BRA"]
[Date "2025.05.31"]
[Round "11.7"]
[White "Panjwani, Raja"]
[Black "Mareco, Sandro"]
[Result "1/2-1/2"]
[WhiteTitle "IM"]
[BlackTitle "GM"]
[WhiteElo "2446"]
[BlackElo "2585"]
[WhiteFideId "2604493"]
[BlackFideId "112275"]
[EventDate "2025.05.23"]

1. d4 Nf6 2. c4 e6 3. Nc3 Bb4 4. Nf3 b6 5. e3 Bb7 6. Bd3 O-O 7. O-O c5 8. Re1 d6
9. Bd2 h6 10. e4 cxd4 11. Nxd4 Nbd7 12. Nc2 Bxc3 13. Bxc3 Rc8 14. f3 Ne5 1/2-1/2

[Event "18th American Continental"]
[Site "Foz do Iguacu BRA"]
[Date "2025.05.31"]
[Round "11.8"]
[White "Jacobson, Brandon"]
[Black "Proudian, Armen"]
[Result "1-0"]
[WhiteTitle "GM"]
[BlackTitle "FM"]
[WhiteElo "2582"]
[BlackElo "2410"]
[WhiteFideId "30901561"]
[BlackFideId "2130734"]
[EventDate "2025.05.23"]

1. d4 Nf6 2. c4 e6 3. Nc3 Bb4 4. f3 c5 5. d5 b5 6. e4 d6 7. a3 Bxc3+ 8. bxc3 O-O
9. dxe6 Bxe6 10. cxb5 d5 11. exd5 Nxd5 12. c4 Qf6 13. cxd5 Qxa1 14. dxe6 fxe6
15. Bd3 Nd7 16. Ne2 Ne5 17. Be4 Rad8 18. Qc2 c4 19. O-O Nd3 20. Bg5 Qxa3 21.
Qxc4 Rd7 22. Nd4 Qc5 23. Qxe6+ Rdf7 24. Be3 Nf4 25. Qb3 Qg5 26. g3 Nh3+ 27. Kg2
Qh5 28. Qd5 g5 29. Bf5 Nf4+ 30. Bxf4 gxf4 31. Be6 Qg6 32. Bxf7+ Rxf7 33. Re1
fxg3 34. hxg3 Kg7 35. Ne6+ 1-0

[Event "18th American Continental"]
[Site "Foz do Iguacu BRA"]
[Date "2025.05.31"]
[Round "11.9"]
[White "Bachmann, Axel"]
[Black "Ynojosa Aponte, Felix Jose"]
[Result "1-0"]
[WhiteTitle "GM"]
[BlackTitle "IM"]
[WhiteElo "2570"]
[BlackElo "2392"]
[WhiteFideId "3700488"]
[BlackFideId "3900258"]
[EventDate "2025.05.23"]

1. g3 Nf6 2. Bg2 c5 3. c4 Nc6 4. Nc3 d6 5. e4 e5 6. d3 Be7 7. Nge2 h5 8. h4 Nd4
9. O-O a6 10. a4 Rb8 11. Rb1 Bd7 12. Bg5 Ng4 13. Bxe7 Qxe7 14. Nxd4 cxd4 15. Nd5
Qd8 16. Bf3 O-O 17. b4 Be6 18. Qd2 g6 19. Bxg4 hxg4 20. f4 gxf3 21. Rxf3 Bxd5
22. cxd5 Qd7 23. Qg5 Rbc8 24. Rbf1 Rc2 25. g4 1-0

[Event "18th American Continental"]
[Site "Foz do Iguacu BRA"]
[Date "2025.05.31"]
[Round "11.10"]
[White "Hardaway, Brewington"]
[Black "Coro, Lucas"]
[Result "1-0"]
[WhiteTitle "GM"]
[BlackTitle "IM"]
[WhiteElo "2502"]
[BlackElo "2434"]
[WhiteFideId "30941849"]
[BlackFideId "147222"]
[EventDate "2025.05.23"]

1. e4 g6 2. d4 Bg7 3. Nf3 d6 4. Be3 Nf6 5. Nc3 O-O 6. Qd2 c6 7. Bh6 Bg4 8. h4
Qa5 9. Bxg7 Kxg7 10. e5 dxe5 11. Nxe5 h5 12. Nxg4 hxg4 13. Be2 Nbd7 14. Qg5 Qf5
15. O-O-O Rh8 16. Qe3 Rae8 17. Kb1 Qa5 18. f3 gxf3 19. Qxf3 e5 20. g4 exd4 21.
Rxd4 Qc5 22. Rhd1 Nb6 23. g5 Nfd5 24. Nxd5 Nxd5 25. h5 Qe7 26. hxg6 fxg6 27. Bc4
Rhf8 28. Qh1 Rh8 29. Qf3 Rhf8 30. Qd3 Nb6 31. Qc3 Na4 32. Qa5 Nc5 33. b4 b6 34.
Qa3 Rb8 35. bxc5 1-0

[Event "18th American Continental"]
[Site "Foz do Iguacu BRA"]
[Date "2025.05.31"]
[Round "11.11"]
[White "Rojas Salas, Steven"]
[Black "Hungaski, Robert"]
[Result "1-0"]
[WhiteTitle "IM"]
[BlackTitle "GM"]
[WhiteElo "2343"]
[BlackElo "2477"]
[WhiteFideId "3819434"]
[BlackFideId "2021030"]
[EventDate "2025.05.23"]

1. e4 c6 2. Nc3 d5 3. Nf3 g6 4. d4 Bg7 5. h3 Nf6 6. Bd3 c5 7. Nxd5 Nxd5 8. exd5
cxd4 9. Bb5+ Bd7 10. Nxd4 Bxb5 11. Nxb5 Qa5+ 12. Nc3 Bxc3+ 13. bxc3 Qxc3+ 14.
Bd2 Qc4 15. Qg4 Qxg4 16. hxg4 Nd7 17. Bc3 f6 18. O-O-O Rc8 19. Rh3 O-O 20. Bd4
Rc4 21. Re3 Re8 22. c3 Kf7 23. Rh1 Nf8 24. g5 Rd8 25. Rh4 fxg5 26. Rhe4 Rc7 27.
Rf3+ Kg8 28. Re5 g4 29. Rfe3 Rdd7 30. Bxa7 Kf7 31. Bb6 Rc4 32. Ba5 h5 33. Bb4
Rcc7 34. Ba5 Rc5 35. Bb4 Rcc7 36. Kb2 Nh7 37. Kb3 b5 38. d6 exd6 39. Rxb5 Nf6
40. g3 d5 41. f3 gxf3 42. Rxf3 Kg7 43. Bf8+ Kxf8 44. Rxf6+ Rf7 45. Rxf7+ Rxf7
46. a4 d4 47. a5 Rf3 48. a6 Rxc3+ 49. Kb4 Rc1 50. a7 Rb1+ 51. Kc4 Ra1 52. Rb8+
Ke7 53. a8=Q Rxa8 54. Rxa8 Kf6 55. Ra5 1-0

[Event "18th American Continental"]
[Site "Foz do Iguacu BRA"]
[Date "2025.05.31"]
[Round "11.12"]
[White "Di Berardino, Diego Rafael"]
[Black "Lima, Darcy"]
[Result "1/2-1/2"]
[WhiteTitle "IM"]
[BlackTitle "GM"]
[WhiteElo "2448"]
[BlackElo "2380"]
[WhiteFideId "2105446"]
[BlackFideId "2100045"]
[EventDate "2025.05.23"]

1. e4 d6 2. d4 Nf6 3. Nc3 e5 4. Nf3 Nbd7 5. Bc4 Be7 6. O-O O-O 7. a4 exd4 8.
Qxd4 Nc5 9. h3 c6 10. Re1 Ncxe4 11. Nxe4 d5 12. Bxd5 Nxd5 13. Bg5 f6 14. Bd2 Be6
15. Neg5 fxg5 16. Rxe6 Bf6 17. Qc4 h6 18. Rae1 Qd7 19. Qb3 Qf7 20. c4 Nc7 21.
Rd6 Na6 22. Be3 Rfd8 23. Rxd8+ Rxd8 24. Bxa7 b5 25. axb5 cxb5 26. Bb6 bxc4 27.
Qa4 Nc7 28. Ne5 Bxe5 29. Rxe5 Ra8 30. Qd1 Kh8 31. Qe2 Ra1+ 32. Kh2 Qf4+ 33. g3
Qc1 34. Re8+ 1/2-1/2

[Event "18th American Continental"]
[Site "Foz do Iguacu BRA"]
[Date "2025.05.31"]
[Round "11.13"]
[White "Matsuura, Everaldo"]
[Black "Hong, Andrew"]
[Result "0-1"]
[WhiteTitle "GM"]
[BlackTitle "GM"]
[WhiteElo "2354"]
[BlackElo "2579"]
[WhiteFideId "2100169"]
[BlackFideId "2099438"]
[EventDate "2025.05.23"]

1. e4 c5 2. Nf3 d6 3. d4 cxd4 4. Nxd4 Nf6 5. Nc3 a6 6. Be3 e5 7. Nb3 Be6 8. Qd2
Be7 9. O-O-O Nbd7 10. f4 b5 11. f5 Bc4 12. Kb1 h5 13. Bxc4 bxc4 14. Nc1 Qc7 15.
Bg5 Rb8 16. Bxf6 Nxf6 17. Qe3 O-O 18. N1e2 Qb7 19. b3 a5 20. h3 Rfc8 21. g4 a4
22. Nxa4 cxb3 23. cxb3 Nxe4 24. Nec3 Nxc3+ 25. Nxc3 Qc6 26. Rc1 d5 27. Qd3 Ba3
28. Rc2 d4 29. Ne4 Qa8 30. Rhh2 Qa5 31. Rhe2 Rc7 32. Rc4 Rxc4 33. Qc2 0-1

[Event "18th American Continental"]
[Site "Foz do Iguacu BRA"]
[Date "2025.05.31"]
[Round "11.14"]
[White "Caceres Benitez, Arturo Eduardo"]
[Black "Tristan, Leonardo"]
[Result "1/2-1/2"]
[WhiteTitle "FM"]
[BlackTitle "GM"]
[WhiteElo "2313"]
[BlackElo "2536"]
[WhiteFideId "3710769"]
[BlackFideId "113816"]
[EventDate "2025.05.23"]

1. e4 e5 2. Nf3 Nc6 3. Bb5 a6 4. Ba4 Nf6 5. O-O Be7 6. Qe2 b5 7. Bb3 O-O 8. a4
Bb7 9. c3 d6 10. Re1 Na5 11. Bc2 c5 12. d4 cxd4 13. cxd4 Rc8 14. axb5 axb5 15.
Qxb5 Rxc2 16. Nc3 d5 17. Rxa5 dxe4 18. Nxe5 Qxd4 19. Be3 Qb4 20. Qxb4 Bxb4 21.
Rb5 Rxb2 22. Rxb7 Bxc3 23. Rxb2 Bxb2 24. Nc4 Bc3 25. Rc1 Nd5 26. Nb6 Nxb6 27.
Bxb6 Be5 28. f3 exf3 29. gxf3 g6 30. Rc2 Kg7 31. Bc7 Bf6 32. Bg3 Rd8 33. Kg2 g5
34. Ra2 h5 35. h3 Kg6 36. Rc2 Rd3 37. Ra2 Bc3 38. Re2 Bd2 39. Bh2 f6 40. Bg3 Kf5
41. Bh2 Be3 42. Bg3 Rb3 43. Bf2 Bf4 44. Rc2 Be5 45. Ra2 g4 46. hxg4+ hxg4 47.
fxg4+ Kxg4 48. Ra4+ Bf4 49. Bd4 Rd3 50. Bxf6 Rd2+ 51. Kg1 Kf3 52. Ra3+ Be3+ 53.
Rxe3+ Kxe3 54. Bg5+ Kd3 55. Bxd2 Kxd2 1/2-1/2

[Event "18th American Continental"]
[Site "Foz do Iguacu BRA"]
[Date "2025.05.31"]
[Round "11.31"]
[White "Pierrot, Facundo"]
[Black "Sanhueza, Cristian"]
[Result "1/2-1/2"]
[WhiteTitle "IM"]
[BlackTitle "FM"]
[WhiteElo "2253"]
[BlackElo "2182"]
[WhiteFideId "103250"]
[BlackFideId "116815"]
[EventDate "2025.05.23"]

1. d4 Nf6 2. Nf3 c5 3. e3 g6 4. Be2 Bg7 5. b3 O-O 6. Bb2 cxd4 7. Nxd4 Nc6 8. c4
d5 9. cxd5 Nxd4 10. Qxd4 Qxd5 11. Bf3 Qxd4 12. Bxd4 Ng4 13. Bxg7 Kxg7 1/2-1/2

[Event "18th American Continental"]
[Site "Foz do Iguacu BRA"]
[Date "2025.05.31"]
[Round "11.32"]
[White "Filgueiras, Nathan Felipe"]
[Black "Molina Sumoza, Jesus Alberto"]
[Result "1-0"]
[WhiteTitle "IM"]
[BlackTitle "CM"]
[WhiteElo "2370"]
[BlackElo "2025"]
[WhiteFideId "2188562"]
[BlackFideId "3901874"]
[EventDate "2025.05.23"]

1. e4 c5 2. Nf3 Nc6 3. d4 cxd4 4. Nxd4 g6 5. Nc3 Bg7 6. Nb3 Nf6 7. Bg5 d6 8. Qd2
h6 9. Be3 Ng4 10. Bf4 Be6 11. f3 Nge5 12. O-O-O a5 13. a4 Nc4 14. Bxc4 Bxc4 15.
Be3 b5 16. axb5 a4 17. Nd4 Ne5 18. f4 Ng4 19. Nc6 Qc7 20. Bd4 e5 21. fxe5 dxe5
22. Bc5 Bxb5 23. Nxb5 Qxc6 24. Qd5 Qxd5 25. Rxd5 f5 26. Nc7+ Kf7 27. Rd7+ Kf6
28. Be7+ 1-0

[Event "18th American Continental"]
[Site "Foz do Iguacu BRA"]
[Date "2025.05.31"]
[Round "11.36"]
[White "Palacio, Igor Da Paz"]
[Black "Piccoli, Lucas Fonseca"]
[Result "1/2-1/2"]
[WhiteElo "2165"]
[BlackElo "2284"]
[WhiteFideId "2121140"]
[BlackFideId "2190788"]
[EventDate "2025.05.23"]

1. Nf3 Nf6 2. g3 b6 3. Bg2 Bb7 4. O-O e6 5. d3 c5 6. e4 d6 7. c4 Be7 8. Nc3 O-O
9. Ne1 e5 10. a3 Nc6 11. Rb1 Nd4 12. b4 Rb8 13. b5 Nd7 14. Nd5 Bxd5 15. exd5 f5
16. f4 exf4 17. gxf4 Bf6 18. Nf3 Re8 19. Bd2 Nf8 20. Re1 Ng6 21. Rxe8+ Qxe8 22.
Nxd4 Bxd4+ 23. Kf1 Rb7 24. Qf3 Nh4 25. Qg3 Nxg2 26. Qxg2 Re7 27. Re1 Rxe1+ 28.
Bxe1 Qh5 29. a4 h6 30. h4 Kf7 31. Qe2 Qxe2+ 32. Kxe2 Kg6 33. Kf3 Kh5 34. Kg3 Bf6
35. Kh3 g6 36. a5 g5 37. hxg5 hxg5 38. fxg5 Kxg5 39. Kg3 Be5+ 40. Kf3 Kg6 41. a6
Bf6 42. Bd2 Be5 1/2-1/2

[Event "18th American Continental"]
[Site "Foz do Iguacu BRA"]
[Date "2025.05.31"]
[Round "11.37"]
[White "Johnson, Joshua"]
[Black "Starke, Bruno Orlando"]
[Result "1-0"]
[WhiteTitle "FM"]
[WhiteElo "2267"]
[BlackElo "2143"]
[WhiteFideId "7700768"]
[BlackFideId "2128713"]
[EventDate "2025.05.23"]

1. e4 c5 2. Nf3 e6 3. d4 cxd4 4. Nxd4 Nc6 5. Nc3 Qc7 6. g3 a6 7. Bg2 Nf6 8. O-O
Be7 9. Re1 d6 10. Nxc6 bxc6 11. e5 dxe5 12. Rxe5 O-O 13. Re1 e5 14. Qe2 Re8 15.
Bg5 h6 16. Bxf6 Bxf6 17. Qc4 Bb7 18. Rad1 Rad8 19. Ne4 Qb6 1-0

[Event "18th American Continental"]
[Site "Foz do Iguacu BRA"]
[Date "2025.05.31"]
[Round "11.38"]
[White "Brizzi, Milagros Tatiana"]
[Black "Silva, Caio Henrique Angelico"]
[Result "0-1"]
[WhiteTitle "WIM"]
[WhiteElo "2152"]
[BlackElo "2261"]
[WhiteFideId "128350"]
[BlackFideId "22777210"]
[EventDate "2025.05.23"]

1. e4 c6 2. d4 d5 3. e5 c5 4. c3 Nc6 5. Be2 Bf5 6. Nf3 e6 7. O-O Bg4 8. Nbd2
cxd4 9. cxd4 Qb6 10. a3 Nh6 11. b4 Nf5 12. Bb2 Be7 13. Rc1 O-O 14. h3 Bxf3 15.
Nxf3 Rac8 16. Qd2 a5 17. b5 Na7 18. Bc3 Bd8 19. a4 Ra8 20. Bd3 Nc8 21. Qf4 Nce7
22. g4 Ng6 23. Qh2 Ngh4 24. Nxh4 Nxh4 25. Qg3 f5 26. exf6 Bxf6 27. g5 Bxg5 28.
Kh1 Rf3 29. Bxa5 Rxg3 30. Bxb6 Rxh3+ 31. Kg1 Bxc1 32. Rxc1 Rxd3 33. a5 Rb3 34.
Rc5 Nf3+ 0-1

[Event "18th American Continental"]
[Site "Foz do Iguacu BRA"]
[Date "2025.05.31"]
[Round "11.39"]
[White "Lujan, Carolina"]
[Black "Borges, Guilherme Deola"]
[Result "0-1"]
[WhiteTitle "IM"]
[WhiteElo "2259"]
[BlackElo "2141"]
[WhiteFideId "109878"]
[BlackFideId "2109085"]
[EventDate "2025.05.23"]

1. e4 c5 2. Nf3 Nc6 3. g3 g6 4. Bg2 Bg7 5. O-O d6 6. d3 e5 7. a3 Nge7 8. c3 O-O
9. b4 a6 10. Nbd2 h6 11. Bb2 b5 12. Qc2 Qb6 13. a4 Be6 14. Ba3 cxb4 15. cxb4
Rfc8 16. Qb1 Ra7 17. Rc1 Rac7 18. axb5 axb5 19. Nb3 g5 20. h3 f5 21. Nfd2 g4 22.
exf5 Nxf5 23. Ne4 Nfd4 24. Nxd4 Nxd4 25. Rxc7 Rxc7 26. Bb2 gxh3 27. Ra8+ Bf8 28.
Nf6+ Kf7 29. Be4 Kxf6 30. Rxf8+ Kg7 31. Bxd4 Qxd4 32. Re8 Ra7 33. Ra8 Rf7 34.
Qe1 h5 35. Kh2 Rxf2+ 36. Kh1 Bd5 37. Bxd5 Qxd5+ 38. Qe4 Qxe4+ 39. dxe4 Re2 40.
Rd8 Rxe4 41. Rd7+ Kg6 42. Rxd6+ Kg5 43. Rd5 Kg4 44. Kg1 Rxb4 45. Rxe5 Rb2 46.
Kf1 b4 47. Ke1 b3 48. Rb5 Kxg3 49. Kd1 Kg4 50. Rb4+ Kf5 51. Rb5+ Kg6 52. Rb6+
Kg5 53. Rb5+ Kh4 54. Rb4+ Kg3 55. Rb5 0-1

[Event "18th American Continental"]
[Site "Foz do Iguacu BRA"]
[Date "2025.05.31"]
[Round "11.40"]
[White "Baules Rodriguez, Jorge Luis"]
[Black "Gauche, Charles"]
[Result "1-0"]
[WhiteTitle "IM"]
[BlackTitle "FM"]
[WhiteElo "2257"]
[BlackElo "2112"]
[WhiteFideId "6600247"]
[BlackFideId "2101335"]
[EventDate "2025.05.23"]

1. c4 c6 2. e4 d5 3. exd5 cxd5 4. d4 Nf6 5. Nc3 Nc6 6. Bg5 e6 7. Nf3 Bb4 8. Bd3
dxc4 9. Bxc4 Qa5 10. O-O Nd5 11. Qb3 Nb6 12. Bd3 O-O 13. Rfd1 h6 14. Bh4 Be7 15.
Bg3 Rd8 16. Rac1 Nb4 17. Be4 N4d5 18. Ne5 Bg5 19. Ra1 Qb4 20. Qc2 Qe7 21. Bh7+
Kh8 22. Bg6 f5 23. Bxf5 Qf6 24. Bg6 Nxc3 25. bxc3 Kg8 26. Bh7+ Kf8 27. f4 1-0

[Event "18th American Continental"]
[Site "Foz do Iguacu BRA"]
[Date "2025.05.31"]
[Round "11.41"]
[White "Mayeregger, Arnold"]
[Black "Zallio, Luciano de Souza"]
[Result "1-0"]
[BlackTitle "CM"]
[WhiteElo "2122"]
[BlackElo "2243"]
[WhiteFideId "3705226"]
[BlackFideId "2109700"]
[EventDate "2025.05.23"]

1. Nf3 d5 2. e3 Nf6 3. c4 e6 4. b3 b6 5. Bb2 Bb7 6. Nc3 c5 7. cxd5 Nxd5 8. Qc2
Nb4 9. Qb1 a6 10. Be2 Be7 11. a3 N4c6 12. Ne4 f5 13. Ng3 Bf6 14. Nh5 Bxb2 15.
Qxb2 Rg8 16. Nxg7+ Kf7 17. Nh5 Nd7 18. h4 h6 19. O-O-O Qe7 20. Nf4 b5 21. d4
cxd4 22. Nxd4 Nxd4 23. Bh5+ Kf8 24. Rxd4 Rc8+ 25. Kb1 Bxg2 26. Nxg2 Rxg2 27.
Rxd7 Qxd7 28. Qh8+ Ke7 29. Qh7+ Kd8 30. Rd1 Qxd1+ 31. Bxd1 Rg1 32. Qh8+ Kd7 33.
Qd4+ Ke7 34. Kb2 Rd8 35. Qc5+ Rd6 36. Bc2 Rg8 37. Qa7+ Kf6 38. Qh7 Rc8 39. Qxh6+
Ke7 40. e4 1-0